Cosi fan tutte (Registro nro. 170204)
[ vista simple ]
| 000 -LEADER | |
|---|---|
| campo de control de longitud fija | 00855nam a22002175i 4500 |
| 001 - NÚMERO DE CONTROL | |
| campo de control | 170204 |
| 003 - IDENTIFICADOR DE NÚMERO DE CONTROL | |
| campo de control | ES-MaACL |
| 005 - FECHA Y HORA DE LA ÚLTIMA TRANSACCIÓN | |
| campo de control | 20250522063050.0 |
| 008 - DATOS DE LONGITUD FIJA--INFORMACIÓN GENERAL | |
| campo de control de longitud fija | 090211s1953 fr |||| | fre d |
| 080 ## - NÚMERO DE LA CLASIFICACIÓN DECIMAL UNIVERSAL | |
| Número de la Clasificación Decimal Universal | 78.089.1 |
| 100 1# - ENTRADA PRINCIPAL--NOMBRE DE PERSONA | |
| Nombre de persona | Mozart, Wolfgang Amadeus, |
| Fechas asociadas al nombre | 1756-1791 |
| 9 (RLIN) | 240565 |
| 245 10 - MENCIÓN DEL TÍTULO | |
| Título | Cosi fan tutte |
| Resto del título | = (comme elles sont toutes) : opéra-bouffe en deux actes et huit tableaux / |
| Mención de responsabilidad, etc. | Mozart ; livret italien de Da Ponte ; texte français de Adolphe Boschot. |
| 260 ## - PUBLICACIÓN, DISTRIBUCIÓN, ETC. | |
| Lugar de publicación, distribución, etc. | Paris : |
| Nombre del editor, distribuidor, etc. | Choudens, |
| Fecha de publicación, distribución, etc. | 1953. |
| 300 ## - DESCRIPCIÓN FÍSICA | |
| Extensión | 63 p. ; |
| Dimensiones | 18 cm. |
| 500 ## - NOTA GENERAL | |
| Nota general | En la port.: Edition conforme au manuscrit de Mozart. |
| 650 14 - PUNTO DE ACCESO ADICIONAL DE MATERIA--TÉRMINO DE MATERIA | |
| Término de materia o nombre geográfico como elemento de entrada | Operetas- |
| Subdivisión de forma | Libretos. |
| 9 (RLIN) | 139352 |
| 700 1# - ENTRADA AGREGADA--NOMBRE PERSONAL | |
| Nombre de persona | Boschot, Adolphe. |
| 9 (RLIN) | 30675 |
| 700 0# - ENTRADA AGREGADA--NOMBRE PERSONAL | |
| Nombre de persona | Da Ponte, Lorenzo. |
| 9 (RLIN) | 42388 |
| 852 ## - LOCALIZACIÓN | |
| Ubicación | ES-MaACL |
| Número de control de estantería | 2247-F-17 |
| itemnumber | R.140980 |
| Nota libre | .- Biblioteca Jacinto Martínez Lacalle |
| Estatus retirado | Estado de pérdida | Estado de daño | No para préstamo | Colección | Biblioteca de origen | Biblioteca actual | Ubicación en estantería | Fecha de adquisición | Fuente de adquisición | Total de préstamos | Signatura topográfica completa | Código de barras | Visto por última vez | Precio de reemplazo | Tipo de ítem Koha |
|---|---|---|---|---|---|---|---|---|---|---|---|---|---|---|---|
| Colección de folletos | Biblioteca del Ateneo de Madrid | Biblioteca del Ateneo de Madrid | Depósito folletos | 11/02/2009 | 2247-F-17 | 1178690 | 23/02/2023 | 23/02/2023 | Folleto |
